[Event "Speed Chess Championship 2020"]
[Site "Online"]
[Date "2020.11.12"]
[Round "1.10"]
[White "Martirosyan, Haik M."]
[Black "Nakamura, Hikaru"]
[Result "1/2-1/2"]
[WhiteElo "2622"]
[BlackElo "2736"]
[Annotator "TA"]
[PlyCount "158"]
[EventDate "2020.10.31"]
[EventType "k.o."]
[SourceTitle "playchess.com"]
[Source "ChessBase"]
[SourceQuality "1"]

{[%evp 12,158,27,12,19,11,2,14,35,21,33,28,28,26,33,27,54,39,60,20,11,21,47,39,45,48,40,45,73,81,133,133,133,129,128,130,156,162,202,204,191,79,189,139,160,131,192,201,175,141,137,132,147,121,118,120,108,91,91,87,96,89,141,143,117,129,131,95,105,105,144,94,177,91,142,115,128,34,174,29,37,16,17,18,243,95,95,95,95,95,95,95,95,95,95,88,88,29,29,29,29,29,29,29,29,0,8,8,8,8,8,8,8,8,8,8,8,8,8,0,8,8,2331,8,8,8,8,8,8,8,8,8,1816,8,8,8,8,8,8,0,8,8,8,8,8,0,0,0,0]} 1. d4 Nf6 2. Nf3 e6 3. c4 d5 4. Nc3 Be7 5. Bf4 O-O 6. e3 Nbd7 {6...b6 is the recent fashion.} 7. Be2 dxc4 {D37: Queen's Gambit Declined: 5 Bf4.} 8. O-O a6 9. a4 b6 10. Bxc4 Bd6 11. Bxd6 cxd6 12. Bd3 Bb7 13. e4 e5 14. Re1 Re8 {[#]} 15. Qd2 $146 ({Predecessor:} 15. d5 Nc5 16. Bf1 a5 17. Nd2 Re7 18. Qf3 Ne8 19. Rab1 Ba6 20. Bxa6 Nxa6 21. Nc4 Rc7 22. b3 {1-0 (45) Wen,Y (2583)-Wang,C (2536) Xinghua 2015}) 15... exd4 16. Nxd4 d5 17. exd5 Nxd5 18. Rxe8+ Qxe8 19. Re1 Qf8 20. Nf5 Nxc3 (20... N7f6 $142) 21. Qxc3 $16 Nf6 22. Qc7 $36 {[%mdl 2048] White is on the roll.} Bd5 23. Qxb6 Rb8 24. Qxa6 Qb4 25. Re2 Be6 26. Ne3 (26. h3 $18 {is more deadly.}) 26... Qd4 (26... Rb6 $16 {keeps fighting.} 27. Qa8+ Rb8) 27. h3 g6 28. Bc4 Rb6 (28... Bxc4 $16 29. Qxc4 Qxc4 30. Nxc4 Rb4) 29. Qa8+ $18 Kg7 30. Bxe6 Rxe6 31. Qa5 Ne4 32. Qe1 Qxa4 33. Nd5 Qd4 34. Nc3 Nc5 35. Rxe6 Nxe6 36. Qe3 Qxe3 (36... Qd6 $142) 37. fxe3 $16 {[%mdl 4096] Endgame KN-KN} Kf6 38. Kf2 Nc5 39. Kf3 Ke5 40. b4 Nd7 41. h4 h5 (41... Nb6 $16) 42. Ne2 (42. b5 $18) 42... Nb6 ({Black should try} 42... Kd5) 43. Nd4 Nc4 44. b5 (44. Ke2 $16) 44... Nb6 (44... Kd6 $14) 45. g3 (45. Nc6+ $1 $18 Kd6 46. e4) 45... Nc4 $1 $11 46. Nc6+ Kd5 47. Kf4 f6 $2 (47... Kc5 $11) 48. Ne7+ (48. e4+ $1 $18 {is the precise move to win.} Kd6 49. e5+ $1 {[%mdl 512]} fxe5+ 50. Kg5) 48... Ke6 $16 49. Nxg6 Kf7 50. Nh8+ Kg7 51. Kf5 {Strongly threatening Ke6.} Nd6+ 52. Ke6 Nxb5 53. Nf7 Nc7+ {[#]} 54. Kd6 ({White should play} 54. Kd7 $1 $16 {[%cal Rd7c7]} Nd5 55. e4) 54... Nb5+ $1 $11 55. Ke7 {Threatens to win with Nd8.} Nc3 $1 56. Nd6 Nd5+ 57. Ke6 Nxe3 58. Ne4 f5 59. Nd6 Kg6 60. Ke5 Ng4+ 61. Kf4 {Cut Off at move 61} Nh6 62. Nc4 Kf6 63. Ne3 Kg6 64. Kf3 Nf7 65. Kf4 Nh6 66. Nd5 Ng8 $2 {[%mdl 8192]} (66... Ng4 $11) 67. Ke3 $2 ({White has to play} 67. Ke5 $18 Kg7 68. Kxf5) 67... Kf7 68. Nf4 Nf6 69. Kd4 {Ke5 is the strong threat.} Ne4 $1 70. Nxh5 {And now Ke5 would win.} Kg6 $1 {[%cal Rg6h5]} 71. Nf4+ Kf6 $2 {[%mdl 8192] [#]} (71... Kh6 $11) 72. Nd5+ $2 (72. g4 $1 $18 {[%mdl 512]} Ng5 (72... fxg4 73. Kxe4) 73. Nd5+ (73. hxg5+ Kxg5 {[%mdl 64] Double Attack} 74. gxf5 Kxf5 $11) 73... Kg6 74. Ne7+ {[%mdl 64] Double Attack} (74. hxg5 fxg4 75. Nf6 Kxg5 $11) 74... Kf6 75. Nxf5 (75. hxg5+ Kxg5 76. gxf5 Kf6 $11) 75... Ne6+ 76. Ke4) 72... Kg7 {The position is equal.} 73. g4 {Hoping for Ke5.} Nd2 74. Ke3 Nc4+ 75. Kd4 Nd2 76. gxf5 {Black must now prevent Ke3.} Nf3+ 77. Ke4 Nxh4 78. f6+ Kf7 79. Ne3 Kxf6 {Weighted Error Value: White=0.23/Black=0.27} 1/2-1/2

[Event "Speed Chess Championship 2020"]
[Site "Online"]
[Date "2020.11.02"]
[Round "1.10"]
[White "Nihal Sarin"]
[Black "Vachier-Lagrave, Maxime"]
[Result "1/2-1/2"]
[WhiteElo "2620"]
[BlackElo "2784"]
[Annotator "TA"]
[PlyCount "95"]
[EventDate "2020.10.31"]
[EventType "k.o."]

{[%evp 23,95,16,27,26,15,15,41,39,65,54,46,26,97,100,104,104,112,109,108,104,116,108,110,90,92,97,114,93,106,0,98,83,97,67,82,77,82,96,108,103,116,106,134,101,108,0,102,86,95,87,96,97,95,93,114,95,96,92,99,0,95,0,91,61,81,79,95,41,41,40,47,40,47,40]} 1. d4 d5 2. c4 dxc4 3. Nf3 Nf6 4. e3 e6 5. Bxc4 c5 6. O-O a6 7. b3 cxd4 8. Nxd4 Be7 9. Bb2 Bd7 10. Nd2 Nc6 11. Be2 {11.Be2 has become a bit dusty these days.} O-O 12. Bf3 Rc8 13. Rc1 {D27: Queen's Gambit Accepted: Classical main line: 7 e4!? and 7 a4.} Nxd4 14. Bxd4 Bb5 15. Nc4 Bxc4 16. bxc4 {[#]} b6 $146 ({Predecessor:} 16... Qc7 17. Qb3 e5 18. Bb6 Qb8 19. Bd5 Nxd5 20. cxd5 Qd6 21. e4 Qd7 22. Rc3 Rxc3 23. Qxc3 {½-½ (47) Pektas,Y (2155)-Aydincelebi,K (2249) Antalya 2020}) 17. Qa4 Bc5 (17... a5 $11) 18. Rfd1 $16 {[#] Strongly threatening Bxc5.} Qc7 19. Qxa6 Rfd8 20. Qb5 Nd7 21. h3 h6 22. Qb2 Bf8 23. Be2 Nc5 24. Rb1 Qa7 25. Bf3 Rd6 26. Be2 ({White should play} 26. a3 $16) 26... Rcd8 (26... Rdd8 $1 $11 {keeps the balance.}) 27. Qc2 R6d7 28. Be5 Rxd1+ 29. Rxd1 Rxd1+ 30. Bxd1 Nd7 31. Bd4 Bc5 32. Qb2 Bf8 33. Bf3 Nc5 34. Bd1 (34. h4 $16) 34... Qa5 (34... Nd7 $1 $11) 35. Bc3 Qa6 36. Bb3 Qa7 37. Bd4 Qa5 {[#] Threatens to win with ...Qe1+.} 38. Qc3 Qa8 39. Qc2 Qa5 40. Bc3 Qa8 41. Qb2 (41. Qb1 $16) 41... Qe4 (41... Qa7 $1 $11 {remains equal.}) 42. Qc2 Qa8 $1 43. Kf1 Be7 44. Bd4 Bf6 45. Bxc5 (45. Kg1 $16) 45... bxc5 $14 {White is slightly better.} 46. Qd3 Qd8 47. Qe2 Qa5 48. Qd1 {Av CentiPawn Loss W=-17/B=-21. Weighted=-17/-26} 1/2-1/2

[Event "Speed Chess Championship 2020"]
[Site "Online"]
[Date "2020.11.04"]
[Round "1.11"]
[White "Carlsen, Magnus"]
[Black "Maghsoodloo, Parham"]
[Result "1-0"]
[WhiteElo "2862"]
[BlackElo "2676"]
[Annotator "TA"]
[PlyCount "75"]
[EventDate "2020.10.31"]
[EventType "k.o."]
[SourceTitle "playchess.com"]
[Source "ChessBase"]
[SourceQuality "1"]

{[%evp 18,75,10,4,44,45,43,39,45,33,33,6,35,39,37,36,75,69,75,82,79,91,95,100,111,120,114,118,114,21,10,-38,-30,-30,-30,-30,-29,-66,-66,-67,-50,-216,-221,-148,0,0,-11,-137,-151,-162,-155,-152,-137,-205,0,-11,191,186,175,-943]} 1. e4 c5 2. Nf3 Nc6 3. Bb5 e6 4. Bxc6 bxc6 5. b3 Ne7 6. O-O Ng6 7. e5 f6 8. Bb2 Be7 9. d3 O-O 10. Nbd2 {[#]} Rb8 $146 {B30: Sicilian: 2...Nc6 3 Bb5, lines without ...g6.} ({Predecessor:} 10... fxe5 11. Nxe5 Nxe5 12. Bxe5 d6 13. Bg3 Bf6 14. Rb1 d5 15. Nf3 Bd7 16. Be5 Be8 17. Bxf6 Qxf6 18. Qe1 {1-0 (30) Sukandar,I (2384)-Ambartsumova,K (2359) Riadh 2017}) 11. Qe1 Ba6 12. Nc4 Qc7 {White is slightly better.} 13. Qe3 Rbe8 14. Rae1 Rf7 (14... Bxc4 $5 15. dxc4 d6 $11) 15. h4 Bxc4 16. dxc4 fxe5 17. h5 ({Reject} 17. Bxe5 $6 d6 $11) 17... Nh4 {aiming for ...Nxf3+.} 18. Nxe5 Rf5 19. g4 Rff8 {[#]} 20. f4 $1 d6 21. Nd3 Bd8 22. Qh3 Qd7 23. Re3 (23. Bc3 $16) 23... e5 $1 $11 24. fxe5 (24. g5 $5 {[%cal Rh3d7]} Qxh3 25. Rxh3 $11) 24... Rxf1+ 25. Kxf1 Rf8+ 26. Ke2 Bg5 27. e6 Qe7 28. Re4 d5 29. cxd5 $2 (29. Re5 $1 $15) 29... cxd5 $19 30. Re5 {Black should prevent Ba3.} Bf6 (30... Nf3 $17 31. Qxf3 Rxf3 32. Kxf3 c4 33. bxc4 dxc4) 31. Re3 $36 {[%mdl 2048] Hoping for Bxf6. White fights for an advantage.} c4 32. Bxf6 (32. bxc4 $11 {remains equal.} dxc4 33. Ne5) 32... cxd3+ $17 33. Kxd3 Qxf6 34. e7 Re8 35. Qh1 {[#]} (35. Qg3 $17 {keeps fighting.}) 35... Qa6+ $2 ({Not} 35... Rxe7 36. Rxe7 Qxe7 37. Qxd5+ Kf8 38. c4 $11) (35... Qg5 $1 $19 {...h6 is the strong threat.} 36. Re6 h6) 36. Kd2 d4 $2 (36... Qa5+ $11 37. Kc1 Qc5) 37. Qd5+ $18 {[%mdl 1024] White has strong compensation.} Kh8 38. Re5 $4 {[%mdl 40960] Av CentiPawn Loss W=-53/B=-23. Weighted=-65/-24. Loss on time!?} (38. Qxd4 $18 Qc6 39. Kc1) 1-0

[Event "Speed Chess Championship 2020"]
[Site "Online"]
[Date "2020.11.08"]
[Round "1.11"]
[White "So, Wesley"]
[Black "Abdusattorov, Nodirbek"]
[Result "1-0"]
[WhiteElo "2816"]
[BlackElo "2662"]
[Annotator "RC"]
[PlyCount "95"]
[EventDate "2020.10.31"]
[EventType "k.o."]
[SourceTitle "playchess.com"]
[Source "ChessBase"]
[SourceQuality "1"]
[TimeControl "180+1"]

1. Nf3 {[%emt 0:00:05]} d5 {[%emt 0:00:02]} 2. e3 {[%emt 0:00:00]} Nf6 {[%emt 0:00:02]} 3. c4 {[%emt 0:00:01]} c6 {[%emt 0:00:01]} 4. Nc3 {[%emt 0:00:00]} Bg4 {[%emt 0:00:02]} 5. d4 {[%emt 0:00:05]} Bxf3 {[%emt 0:00:08]} 6. Qxf3 {[%emt 0:00:01]} e6 {[%emt 0:00:01]} 7. a3 {[%emt 0:00:02]} Nbd7 {[%emt 0:00:01]} 8. g4 {[%emt 0:00:01]} dxc4 {[%emt 0:00:08]} 9. Bxc4 {[%emt 0:00:01]} Nd5 {[%emt 0:00:05]} 10. e4 {[%emt 0:00:19]} N5b6 {[%emt 0:00:03]} 11. Ba2 {[%emt 0:00:02]} c5 {[%emt 0:00:13]} 12. d5 {[%emt 0:00:05]} c4 {[%emt 0:00:01]} 13. dxe6 {[%emt 0:00:09]} fxe6 {[%emt 0:00:00]} 14. O-O {[%emt 0:00:05]} Bc5 {[%emt 0:00:04]} 15. Be3 {[%emt 0:00:16]} Qf6 {[%emt 0:00:11]} 16. Qe2 {[%emt 0:00:07]} Bxe3 {[%emt 0:00:15]} 17. fxe3 {[%emt 0:00:00]} Qg5 {[%emt 0:00:04]} 18. Bxc4 {[%emt 0:00:01]} Nxc4 {[%emt 0:00:16]} 19. Qxc4 {[%emt 0:00:00]} Ke7 {[%emt 0:00:23]} 20. Rf4 {[%emt 0:00:19]} Qc5 {[%emt 0:00:09]} 21. Qd4 {[%emt 0:00:06]} Qxd4 {[%emt 0:00:09]} 22. exd4 {[%emt 0:00:00]} Rhf8 {[%emt 0:00:01]} 23. Raf1 {[%emt 0:00:04]} Rxf4 {[%emt 0:00:01]} 24. Rxf4 {[%emt 0:00:01]} Rc8 {[%emt 0:00:00]} 25. e5 {[%emt 0:00:11]} Nb6 {[%emt 0:00:03]} 26. Rf3 {[%emt 0:00:03]} Rd8 {[%emt 0:00:12]} 27. Nb5 {[%emt 0:00:03]} Nc8 {[%emt 0:00:27]} 28. Rc3 {[%emt 0:00:02]} a6 {[%emt 0:00:01]} 29. Rc7+ {[%emt 0:00:01]} Kf8 {[%emt 0:00:01]} 30. Nc3 {[%emt 0:00:05]} Ne7 {[%emt 0:00:00]} 31. Rxb7 {[%emt 0:00:15]} Rxd4 {[%emt 0:00:01]} 32. h3 {[%emt 0:00:02]} Ng6 {[%emt 0:00:02]} 33. Rb6 {[%emt 0:00:02]} Ke7 {[%emt 0:00:06]} 34. Kf2 {[%emt 0:00:16]} Nxe5 {[%emt 0:00:01]} 35. Ke3 {[%emt 0:00:02]} Rd6 {[%emt 0:00:09]} 36. Rb7+ {[%emt 0:00:02]} Rd7 {[%emt 0:00:03]} 37. Rxd7+ {[%emt 0:00:01]} Kxd7 {[%emt 0:00:00]} 38. Kd4 {[%emt 0:00:02]} Nf3+ {[%emt 0:00:00]} 39. Kc5 {[%emt 0:00:01]} Ng5 {[%emt 0:00:03]} 40. Kb6 {[%emt 0:00:05]} Nxh3 {[%emt 0:00:05]} 41. Kxa6 {[%emt 0:00:00]} Nf2 {[%emt 0:00:02]} 42. Kb7 {[%emt 0:00:08]} Nxg4 {[%emt 0:00:02]} 43. a4 {[%emt 0:00:01]} h5 {[%emt 0:00:00]} 44. a5 {[%emt 0:00:01]} h4 {[%emt 0:00:02]} 45. a6 {[%emt 0:00:01]} h3 {[%emt 0:00:03]} 46. Ne2 {[%emt 0:00:01]} h2 {[%emt 0:00:01]} 47. Ng3 {[%emt 0:00:01]} Ne5 {[%emt 0:00:02]} 48. a7 {[%emt 0:00:01]} 1-0

[Event "Speed Chess Championship 2020"]
[Site "Online"]
[Date "2020.11.11"]
[Round "1.11"]
[White "Nepomniachtchi, Ian"]
[Black "Aronian, Levon"]
[Result "1/2-1/2"]
[WhiteElo "2784"]
[BlackElo "2781"]
[Annotator "ChessBase"]
[PlyCount "63"]
[EventDate "2020.10.31"]
[EventType "k.o."]
[SourceTitle "playchess.com"]
[Source "ChessBase"]
[SourceQuality "1"]
[TimeControl "180+1"]

1. e4 {[%emt 0:00:01]} e5 {[%emt 0:00:01]} 2. Nf3 {[%emt 0:00:00]} Nc6 {[%emt 0:00:01]} 3. Bb5 {[%emt 0:00:00]} Nf6 {[%emt 0:00:01]} 4. d3 {[%emt 0:00:01]} Bc5 {[%emt 0:00:01]} 5. c3 {[%emt 0:00:00]} O-O {[%emt 0:00:03]} 6. O-O {[%emt 0:00:03]} d6 {[%emt 0:00:02]} 7. Bd2 {[%emt 0:00:02]} Ne7 {[%emt 0:00:10]} 8. d4 {[%emt 0:00:08]} Bb6 {[%emt 0:00:01]} 9. Re1 {[%emt 0:00:02]} Ng6 {[%emt 0:00:02]} 10. h3 {[%emt 0:00:02]} c6 {[%emt 0:00:05]} 11. Bd3 {[%emt 0:00:02]} Re8 {[%emt 0:00:02]} 12. Na3 {[%emt 0:00:04]} d5 {[%emt 0:00:04]} 13. Bg5 {[%emt 0:00:08]} dxe4 {[%emt 0:00:20]} 14. Bxe4 {[%emt 0:00:14]} exd4 {[%emt 0:00:16]} 15. Bxf6 {[%emt 0:00:01]} Qxf6 {[%emt 0:00:12]} 16. Bxg6 {[%emt 0:00:01]} Rxe1+ {[%emt 0:00:02]} 17. Qxe1 {[%emt 0:00:00]} fxg6 {[%emt 0:00:01]} 18. Nxd4 {[%emt 0:00:09]} Bd7 {[%emt 0:00:10]} 19. Nc4 {[%emt 0:00:02]} Re8 {[%emt 0:00:11]} 20. Qd2 {[%emt 0:00:02]} Bc7 {[%emt 0:00:23]} 21. Nb5 {[%emt 0:00:02]} cxb5 {[%emt 0:00:03]} 22. Qxd7 {[%emt 0:00:02]} Qc6 {[%emt 0:00:01]} 23. Qxc6 {[%emt 0:00:06]} bxc6 {[%emt 0:00:00]} 24. Ne3 {[%emt 0:00:00]} Bb6 {[%emt 0:00:03]} 25. Re1 {[%emt 0:00:02]} Rd8 {[%emt 0:00:14]} 26. Kf1 {[%emt 0:00:01]} Rd2 {[%emt 0:00:03]} 27. Re2 {[%emt 0:00:01]} Bxe3 {[%emt 0:00:03]} 28. fxe3 {[%emt 0:00:04]} Rd1+ {[%emt 0:00:01]} 29. Re1 {[%emt 0:00:01]} Rd2 {[%emt 0:00:01]} 30. Re2 {[%emt 0:00:01]} Rd1+ {[%emt 0:00:00]} 31. Re1 {[%emt 0:00:00]} Rd2 {[%emt 0:00:01]} 32. Re2 {[%emt 0:00:02]} 1/2-1/2

[Event "Speed Chess Championship 2020"]
[Site "Online"]
[Date "2020.11.01"]
[Round "1.11"]
[White "Vachier-Lagrave, Maxime"]
[Black "Nihal Sarin"]
[Result "1-0"]
[WhiteElo "2784"]
[BlackElo "2620"]
[Annotator "TA"]
[PlyCount "113"]
[EventDate "2020.10.31"]
[EventType "k.o."]
[SourceTitle "playchess.com"]
[Source "ChessBase"]
[SourceQuality "1"]

{[%evp 16,113,8,5,10,10,22,13,23,16,13,16,22,10,16,19,11,0,0,6,11,12,10,0,1,1,9,16,7,8,8,6,10,11,9,0,0,0,0,0,416,416,409,416,416,416,416,416,416,416,416,380,368,373,568,568,593,588,554,416,416,416,416,416,491,416,416,416,416,416,710,491,1088,1041,1138,869,1343,1172,2209,2209,1453,1478,2410,2239,29978,29978,29975,12788,29977,29978,29985,29986,29988,29989,29989,29986,29994,29995,29998,29999]} 1. e4 e5 2. Nf3 Nc6 3. Bb5 a6 4. Ba4 Nf6 5. O-O Be7 6. d3 b5 7. Bb3 d6 8. a3 $1 {[%mdl 4] is more profitable than 8.a4 at the moment. Played by Fabiano Caruana in October 2020.} O-O 9. Nc3 Na5 {C77: Ruy Lopez: 3...a6 4 Ba4 Nf6, unusual lines.} 10. Ba2 Be6 11. b4 Bxa2 {The position is equal.} 12. Rxa2 Nc6 13. Bg5 Ng4 14. Bd2 Nf6 15. Re1 Qd7 16. Nd5 Nxd5 17. exd5 Na7 18. a4 c6 19. dxc6 Nxc6 {[%cal Ba7c6,Bc6b4,Bb4c2,Bc2e1][%mdl 32]} 20. c4 d5 21. axb5 axb5 22. Rxa8 Rxa8 23. cxb5 Nxb4 24. Nxe5 Qxb5 25. Qg4 {[#]} Nc2 $146 {[%cal Rc2e1]} ({Avoid the trap} 25... Nxd3 $2 26. Qe2 $18) ({Predecessor:} 25... Ra7 26. h4 Nc6 27. Bh6 Bf8 28. Nd7 f5 29. Qxf5 {1-0 (29) Vachier Lagrave,M (2780)-Alekseenko,K (2637) Caleta 2019}) 26. Nxf7 Nxe1 {[#]} 27. Qe6 $1 $40 {[%mdl 704] White wants to mate with Nh6+! Double Attack. White mounts an attack.} Kf8 $2 {[%mdl 8192] White leaves nothing to chance now.} ({Weaker is} 27... Nxd3 28. Nh6+ $1 {[%mdl 512]} Kh8 29. Qg8+ $1 {[%mdl 512]} Rxg8 30. Nf7#) (27... Qb8 $1 $11) 28. Ne5 $18 {[%csl Ge5][%cal Re6f7]} Qe8 {Threatens to win with ...Ra1.} 29. Nd7+ Qxd7 30. Qxd7 Ra1 {[%cal Re1f3]} 31. Kf1 Nf3+ 32. Ke2 Nxd2 33. Kxd2 {[%mdl 4096] Endgame KQ-KRB} Ra2+ 34. Ke3 Bc5+ (34... Ra5 $142 35. g3 h6) 35. d4 Ra3+ 36. Kf4 Be7 37. Qxd5 Ra6 38. g3 h6 39. Ke4 Rd6 40. Qa8+ Kf7 41. Qa2+ Kf8 42. h4 Rf6 (42... g5 $142 43. hxg5 hxg5 44. Qa8+ Kf7) 43. f4 Rd6 (43... g6 $142 44. Qa8+ Kg7) 44. h5 Rf6 45. g4 Rd6 46. Qa8+ Kf7 47. d5 Rd8 48. Qc6 Rd6 49. Qc8 Rd8 50. Qe6+ Kf8 {[#]} 51. Qf5+ (51. g5 $142 $1 hxg5 52. h6 gxh6 53. Qxh6+ {[%mdl 64] Double Attack} Ke8 54. fxg5 Rd6 55. Qh5+ Kd8 56. Qh8+ Kc7 57. Qg7) 51... Kg8 52. g5 {White mates.} hxg5 53. fxg5 Re8 54. Qd7 Kf8 55. Kf5 Ba3 56. Kg6 {[%csl Gg6][%cal Rd7g7]} Be7 57. Qe6 {Av CentiPawn Loss W=-45/B=-111. Weighted=-38/-95} 1-0

[Event "Speed Chess Championship 2020"]
[Site "Online"]
[Date "2020.11.04"]
[Round "1.11"]
[White "Firouzja, Alireza"]
[Black "Fedoseev, Vladimir"]
[Result "1-0"]
[WhiteElo "2749"]
[BlackElo "2676"]
[Annotator "TA"]
[PlyCount "75"]
[EventDate "2020.10.31"]
[EventType "k.o."]
[SourceTitle "playchess.com"]
[Source "ChessBase"]
[SourceQuality "1"]

{[%evp 15,75,6,9,0,15,12,15,15,14,22,25,19,74,76,84,62,89,81,93,112,104,97,94,91,173,167,190,189,190,133,219,195,216,81,101,88,303,208,369,367,375,371,343,343,758,759,928,889,1810,889,889,666,633,615,5106,5103,5102,5085,5069,1133,851,816]} 1. Nf3 Nf6 2. g3 g6 3. Bg2 Bg7 4. O-O O-O 5. d4 d5 6. c4 c6 7. Ne5 Ng4 8. cxd5 cxd5 9. Bf4 {D79: Fianchetto Grünfeld: Symmetrical Variation (6 0-0 c6 7 cxd5 cxd5).} Nxe5 10. Bxe5 Nc6 11. Bxg7 {The position is equal.} Kxg7 12. Nc3 e6 13. Qd2 Qf6 {[#]} (13... Bd7 $11) 14. Rad1 $146 ({Predecessor:} 14. Rfd1 Rd8 15. h4 h6 16. Rac1 Bd7 17. e4 dxe4 18. Nxe4 Qe7 19. Nc5 Be8 20. Qc3 f6 21. d5 exd5 22. Re1 Qd6 23. Re6 Qb8 24. Qxf6+ Kh7 25. Rce1 {1-0 (25) Hertwig,C (2063)-Tiemer,K (2067) Berlin 2009}) 14... Rd8 15. Rfe1 h6 16. h4 Qe7 17. e4 dxe4 18. d5 $1 e5 19. Qe3 Na5 (19... Nd4 $16 {was worth a try.}) 20. Qxe4 $18 Bf5 {[#]} 21. Qa4 $1 {[%cal Ra4a5]} (21. Qxe5+ $6 Qxe5 22. Rxe5 Nc4 $16) 21... Qc5 22. Rc1 (22. Rxe5 $6 Nc4 $16) (22. Bf1 $18) 22... Rac8 (22... Bd7 $16 {might work better.} 23. Qe4 Qd4) 23. b4 {[%mdl 64] Double Attack} ({Weaker is} 23. Rxe5 Nc4 $14) 23... Qd4 {[#]} 24. Nb5 ({Less strong is} 24. Qxa5 Rxc3 25. Rcd1 (25. Qxd8 Rxg3 26. Rc7 Bh3 $11) 25... b6 $14) (24. Ne2 $1 $18 {[%cal Re2d4] and the rest is easy.} Rxc1 25. Rxc1) 24... Rxc1 $16 25. Rxc1 Qb2 $2 {This costs Black the game.} (25... Qd2 $16 26. Rc7 Qe1+ 27. Kh2 Qxf2 28. Qxa5 Rxd5 29. Qxa7 Qxa7 30. Nxa7 Rd2) 26. Rc7 a6 $2 (26... Nc4) 27. Qxa5 $18 axb5 {[#]} 28. Rxf7+ $1 {[%mdl 576] Discovered Attack} Kxf7 29. Qxd8 Qxb4 $2 (29... Qc1+ 30. Kh2 Qc8) 30. d6 {White is clearly winning.} Qe1+ 31. Kh2 Qxf2 32. Qe7+ Kg8 33. d7 Bxd7 34. Qxd7 Qxa2 35. Qe8+ Kg7 36. Qxe5+ Kg8 37. Qb8+ (37. Qxb5 $142 h5 38. Qxb7) 37... Kg7 38. Qxb7+ {Av CentiPawn Loss W=-87/B=-99. Weighted=-87/-103} 1-0

[Event "Speed Chess Championship 2020"]
[Site "Online"]
[Date "2020.11.15"]
[Round "1.11"]
[White "Duda, Jan-Krzysztof"]
[Black "Caruana, Fabiano"]
[Result "1-0"]
[WhiteElo "2743"]
[BlackElo "2823"]
[Annotator "TA"]
[PlyCount "123"]
[EventDate "2020.10.31"]
[EventType "k.o."]
[EventCountry "NET"]
[SourceTitle "playchess.com"]
[Source "ChessBase"]
[SourceQuality "1"]

{[%evp 11,123,10,24,19,21,14,29,24,29,4,16,0,8,0,7,0,0,6,23,4,39,22,30,28,45,30,44,31,23,2,56,32,34,0,0,0,107,112,134,134,156,156,189,189,192,189,189,154,162,122,148,164,148,107,241,29,143,58,56,54,79,72,78,72,79,0,88,0,83,81,77,68,100,89,110,100,102,100,137,99,102,51,88,0,106,0,143,85,123,0,89,85,85,88,92,85,99,85,99,85,85,85,94,85,239,147,494,473,476,473,611,602,837,809]} 1. e4 e5 2. Nf3 Nc6 3. Bc4 Bc5 4. c3 Nf6 5. d3 d6 6. O-O a6 7. a4 $1 {[%mdl 4] is currently scoring better than 7.Bb3. C54: Giuoco Piano: 4 c3 Nf6, main lines with 5 d4 and 5 d3.} Ba7 8. Re1 h6 9. Nbd2 {[#] White has an edge.} Nh7 $146 ({Predecessor:} 9... O-O 10. Nf1 Re8 11. Ng3 Be6 12. Bxe6 Rxe6 13. b4 d5 14. Qc2 dxe4 15. dxe4 Ne7 {½-½ (67) Duda,J (2757)-Karjakin,S (2752) Chess.com INT 2020}) 10. b4 {[%cal Bb2b4,Bb4b5][%mdl 32]} Qf6 11. d4 Ng5 {[%cal Re5d4]} 12. b5 Na5 13. Be2 O-O {[%cal Re5d4]} 14. Ba3 Re8 15. Qc2 Nxf3+ 16. Nxf3 Bg4 17. Bb4 Bb6 {[%cal Re5d4]} 18. dxe5 dxe5 19. c4 {[#] aiming for c5.} c5 20. Ba3 Rad8 (20... Qe6 $11) 21. Bb2 Bc7 22. Nd2 Bxe2 23. Rxe2 axb5 (23... Qe6 $11) 24. axb5 $16 b6 25. Nf1 Qe6 26. Ne3 Ra8 27. Nd5 Rec8 28. Re3 Bd8 29. h3 Nb7 30. Rd1 Ra2 31. Qb3 Rca8 32. Rg3 Kh7 (32... Nd6 $16 {is a better defense.}) 33. Rf3 $2 (33. f4 $18) 33... R8a7 (33... Nd6 $11) 34. Rb1 (34. Rfd3 $16) 34... Nd6 $14 35. Qd3 R2a4 36. Rc1 Ra2 37. Rc2 R7a4 38. Qb3 ({Better is} 38. Nc3 $16) 38... Ra7 (38... Nb7 $11) 39. Qd3 (39. Re3 $16) 39... R2a4 (39... R7a4 $1 $11 {keeps the balance.}) 40. Kh2 Ra2 41. g3 Qg6 42. Re3 ({Much worse is} 42. Bxe5 $6 Rxc2 43. Qxc2 Qh5 $11) 42... Qe6 43. Kg2 R2a4 44. Ree2 Ra2 45. Qb3 R2a4 46. Bc1 ({White should try} 46. f4 $16) 46... Ra1 47. Bb2 R1a4 $1 48. Qd3 Ra2 49. Ne3 (49. f4 $142) 49... R2a4 50. Ng4 (50. Red2 $16 Be7 51. Nd5) 50... f6 {[#]} (50... Bf6 $11) 51. Ne3 $1 $16 Be7 52. Nd5 Bd8 53. h4 Nf7 54. f3 h5 55. Bc1 Nd6 56. Red2 {Black must now prevent Nxb6!} Nf7 57. Rd1 Nd6 $2 (57... Kh8 $16) 58. Nc3 Rxc4 $2 {[%mdl 8192]} (58... Be7 $16) 59. Qxd6 $18 {White is clearly winning.} Qxd6 60. Rxd6 Be7 61. Rxb6 Rd4 62. Ra6 {Weighted Error Value: White=0.30/Black=0.40} 1-0